000 00648nam a2200289Ia 4500
005 20260324150749.0
008 008 260324s9999 xx 000 0 eng d
020 _a9781003154655
037 _aEBOOK
040 _aCRL
040 _beng
040 _cCRL
041 _2eng
041 _aeng
084 _qCRL
100 _aN. Gangulee
_91227522
245 4 _aThe Russian Horizon
245 3 _bAn Anthology
260 _bTaylor and Francis
260 _c1943
365 _a
365 _b170
856 _uhttp://www.taylorfrancis.com/books/9781003154655
942 _cEBOOK
999 _c1837571
_d1837571